000 00336 a2200157 4500
001 164764
020 _a
040 _cMagnum
100 _aGaldino, Luiz
240 1 0 _aO matador de passarinhos
_lpor
245 1 0 _aO matador de passarinhos
362 0 _a1899
440 1 _aModerna
697 _aIJ/AVENTURA, CRIANCAS
942 _cBK
999 _c164764
_d164764